| 000 | 00376nam a22001577a 4500 | ||
|---|---|---|---|
| 003 | OSt | ||
| 005 | 20160526091130.0 | ||
| 008 | 160526b xxu||||| |||| 00| 0 eng d | ||
| 020 | _a9780670062638 | ||
| 040 | _cN/A | ||
| 100 | _aBardhan Quallen Sudipta | ||
| 245 | _aUp close Jane Goodall | ||
| 250 | _a1st ed | ||
| 260 |
_aNew York _bPenguin Group _c2008 |
||
| 942 |
_2lcc _cBK |
||
| 999 |
_c254051 _d254050 |
||